| 000 | 01144nam0a2200241 4500 | ||
|---|---|---|---|
| 001 | RU\NLR\BIBL_A\011827048 | ||
| 005 | 20250626135331.0 | ||
| 035 | _a(NLR Aleph) 011827048 | ||
| 090 |
_a11991283 _c11991283 |
||
| 100 | _a20181018d1947 |||y0rusy50 ca | ||
| 101 | 0 | _aady | |
| 102 | _aRU | ||
| 105 | _ay z 000 y | ||
| 200 | 1 |
_aРСФСР-м итрудящхэмэ ядепутатхэм якраевой, хэку, окружной, районнэ, къэлэ, сельскэ ыкIи поселковэ советхэмэ яхэдзынкIэ положениер _fзэзыдзэкIыгъэр Хь. У. Шэртан |
|
| 210 |
_aМыекъуапэ _cАдыгнациздат _d1947 |
||
| 215 |
_a60 с. _d13 |
||
| 541 | 1 |
_aПоложение о выборах в краевые, областные, окружные, районные, городские, сельские и поселковые Советы депутатов трудящихся РСФСР _zrus |
|
| 686 | 1 | _aХ620.526.4-3 | |
| 852 |
_aNLR _bОНЛ _jАдыг./1-94 |
||
| 852 |
_aNLR _bОНЛ _jАдыг./1-94 |
||
| 942 | _cBOOK | ||
| 980 | _aNB | ||